ბათუმის შოთა რუსთაველის სახელმწიფო უნივერსიტეტის ბიბლიოთეკა

Grammatikalisierung im Deutschen: (ბიბ.ჩანაწერი № 63856)

000 -LEADER
fixed length control field 00600nam a22001697a 4500
005 - DATE AND TIME OF LATEST TRANSACTION
control field 20260206165638.0
008 - FIXED-LENGTH DATA ELEMENTS--GENERAL INFORMATION
fixed length control field 260206s2011 gw ||||| |||| 00| 0 goh d
020 ## - INTERNATIONAL STANDARD BOOK NUMBER
International Standard Book Number 9783823366669x
041 ## - LANGUAGE CODE
Language code of text/sound track or separate title goh
080 ## - UNIVERSAL DECIMAL CLASSIFICATION NUMBER
Universal Decimal Classification number 811.112.1 S-99
100 ## - MAIN ENTRY--PERSONAL NAME
Personal name Szczepaniak, Renata
9 (RLIN) 26818
245 ## - TITLE STATEMENT
Title Grammatikalisierung im Deutschen:
Remainder of title Eine Einführung. 2., Uberarbeitete und erweiterte Auflage /
Statement of responsibility, etc. Renata Szczepaniak.
264 ## - PRODUCTION, PUBLICATION, DISTRIBUTION, MANUFACTURE, AND COPYRIGHT NOTICE
Place of production, publication, distribution, manufacture Tubinngen :
Name of producer, publisher, distributor, manufacturer Narr Verlag,
Date of production, publication, distribution, manufacture, or copyright notice 2011.
300 ## - PHYSICAL DESCRIPTION
Extent 220 p.;
Other physical details 24 cm.
653 ## - INDEX TERM--UNCONTROLLED
keyword გერმანული ენის გრამატიკა
942 ## - ADDED ENTRY ELEMENTS (KOHA)
Source of classification or shelving scheme
Koha item type წიგნი
ეგზემპლარები
Withdrawn status Lost status Source of classification or shelving scheme Damaged status Not for loan Permanent Location Current Location Shelving location Date acquired Cost, normal purchase price Full call number Barcode Date last seen Copy number Uniform Resource Identifier Price effective from Koha item type Public note
          ბათუმის შოთა რუსთაველის სახელმწიფო უნივერსიტეტის მთავარი ბიბლიოთეკა ბათუმის შოთა რუსთაველის სახელმწიფო უნივერსიტეტის მთავარი ბიბლიოთეკა წიგნსაცავი 2026-02-06 120.00 811.112.1 S-99 73638 2026-02-06 73638 ტენდერი N 404952306 2026-02-06 წიგნი 120 ლ.
          ბათუმის შოთა რუსთაველის სახელმწიფო უნივერსიტეტის მთავარი ბიბლიოთეკა ბათუმის შოთა რუსთაველის სახელმწიფო უნივერსიტეტის მთავარი ბიბლიოთეკა წიგნსაცავი 2026-02-06 120.00 811.112.1 S-99 73639 2026-02-06 73639 ტენდერი N 404952306 2026-02-06 წიგნი 120 ლ.